000 00452nam a22001697a 4500
005 20180724151730.0
008 160627b xxu||||| |||| 00| 0 eng d
020 _a81-203-1122-1
041 _aeng
082 _b10648
_a658.3
100 _aSHUKLA, MADHUKAR
_92089
245 _aUNDERSTANDING ORGANISATIONS :organisational theory and practice in india
260 _bPHI
_c2002
_anew delhi
300 _a235p,
650 _aManagement
_9241
942 _cBK
999 _c4275
_d4274